Carpentry and joinery (Record no. 36761)

MARC details
000 -LEADER
fixed length control field 00540nam a2200157 a 4500
008 - FIXED-LENGTH DATA ELEMENTS--GENERAL INFORMATION
fixed length control field 120416s0000 ||||||||||||||||| || u
020 ## - INTERNATIONAL STANDARD BOOK NUMBER
International Standard Book Number 0258969520
050 ## - LIBRARY OF CONGRESS CALL NUMBER
Classification number TH 5608.5 Ino
100 ## - MAIN ENTRY--PERSONAL NAME
Personal name Inott, F. A
245 10 - TITLE STATEMENT
Title Carpentry and joinery
246 ## - VARYING FORM OF TITLE
Title proper/short title a multi-questions course
260 ## - PUBLICATION, DISTRIBUTION, ETC.
Place of publication, distribution, etc. London
Name of publisher, distributor, etc. Crosby Lockwood Staples
Date of publication, distribution, etc. 1974
300 ## - PHYSICAL DESCRIPTION
Extent vi, 112p. : ill.
350 ## - PRICE (NR) (BK AM CF MU VM SE) [OBSOLETE]
Price 0.00
995 ## - RECOMMENDATION 995 [LOCAL, UNIMARC FRANCE]
-- 0.00
-- CBU-MAIN LIBRARY (Kitwe)
-- 1
-- 0.00
-- AVAILABLE
-- Annex Low-Usage Collection
Holdings
Withdrawn status Lost status Source of classification or shelving scheme Damaged status Not for loan Home library Current library Shelving location Date acquired Total Checkouts Full call number Barcode Date last seen Price effective from Koha item type
          CBU-MAIN LIBRARY, KITWE. CBU-MAIN LIBRARY, KITWE.   11/30/2022   TH 5608.5 Ino 019075 11/30/2022 11/30/2022 MONOGRAPH